Vissen naar Landvormen - Statistieken

Algemene statistieken
  • Deze quiz is 10.157 keer genomen
  • De gemiddelde score is 8 van 20
Antwoorden op de kaart
Antwoorden kleurgecodeerd door een groen-rode schaal op de quizkaart volgens % correct hieronder.
 
Antwoordstatistieken
Land % Correct
Zuid-Afrika
76%
Chili
71%
India
69%
Noorwegen
66%
Rusland
66%
Brazilië
65%
Nederland
65%
Australië
64%
Italië
64%
Spanje
64%
Verenigde Staten
64%
Frankrijk
63%
Kroatië
62%
Verenigd Koninkrijk
62%
Cyprus
61%
Turkije
60%
Canada
58%
Egypte
58%
Oostenrijk
58%
China
56%
Mexico
55%
België
54%
Indonesië
54%
Griekenland
52%
Thailand
52%
IJsland
51%
Japan
48%
Marokko
48%
Portugal
48%
Duitsland
47%
Filipijnen
46%
Somalië
44%
Argentinië
43%
Cuba
43%
Mali
43%
Oekraïne
41%
Vietnam
41%
Kazachstan
39%
Madagaskar
38%
Nieuw-Zeeland
38%
Democratische Republiek Congo
37%
Laos
36%
Saoedi-Arabië
36%
Peru
35%
Zweden
35%
Polen
34%
Senegal
34%
Israël
33%
Sri Lanka
33%
Algerije
32%
Mongolië
32%
Myanmar
32%
Tsjaad
32%
Ierland
31%
Iran
31%
Libië
31%
Taiwan
31%
Niger
30%
Papoea-Nieuw-Guinea
30%
Soedan
30%
Zwitserland
30%
Malawi
29%
Pakistan
29%
Panama
29%
Mozambique
28%
Roemenië
28%
Eritrea
27%
Nepal
27%
Verenigde Arabische Emiraten
26%
Ethiopië
25%
Haïti
25%
Maleisië
24%
Namibië
24%
Zambia
24%
Jemen
23%
Mauritanië
23%
Afghanistan
22%
Bangladesh
22%
Belarus
22%
Kameroen
22%
Tunesië
22%
Colombia
21%
Gabon
21%
Venezuela
21%
Gambia
20%
Syrië
20%
Irak
19%
Nicaragua
19%
Noord-Korea
19%
Servië
19%
Zuid-Korea
19%
Georgië
16%
Guyana
13%
Kenia
13%
Nigeria
13%
Costa Rica
12%
Paraguay
11%
Liberia
8%
Guatemala
7%
Guinee
6%
Geen overeenkomende quizzen gevonden
Scoreverdeling
Procent van Mensen met Elke Score
Percentiel versus Aantal Correcte Antwoorden
Uw Scoregeschiedenis
U heeft deze quiz nog niet genomen